| 000 | 00372nam a2200109Ia 4500 | ||
|---|---|---|---|
| 008 | 171204s9999 xx 000 0 und d | ||
| 245 | _aFrontier Computing: Theory, Technologies and Applications: | ||
| 245 | _cJason C Hung, Kuan-Ching Li, and Neil Y. Yen | ||
| 260 | _c2016 | ||
| 650 | _xEMERGING TRENDS IN COMPUTING | ||
| 856 | _uhttp://down.ebook777.com/047/9811005389.pdf | ||
| 999 |
_c347154 _d347154 |
||